| 000 | 00434cam a2200181ua 4500 | ||
|---|---|---|---|
| 020 | _c8.40 | ||
| 041 |
_aeng _h |
||
| 082 |
_a823.308 _bSEW/BL |
||
| 100 | _aSewell, Anna . | ||
| 245 |
_aBlack beauty / _cAnna Sewell. _hTextual Documents |
||
| 260 |
_aLondon : _bUniverstiy of London Press Ltd , _c1961. |
||
| 300 | _a112 ; . | ||
| 365 | _a8.40 | ||
| 504 | _a | ||
| 942 | _cBK | ||
| 999 |
_c2599 _d2599 |
||